000 01180nam a2200337 i 4500
003 EG-GICUC
005 20260121101350.0
008 251127s1976 ua ||||fr|||| 00| 0 ara d
017 _a76/3446
020 _a9772560461
040 _a EG-GICUC
_bara
_c EG-GICUC
_d EG-GICUC
_erda
041 0 _aara
082 0 4 _221
_a345.142
_bب ك . ع
092 0 4 _221
099 _aLaw1 07 345.142 ب ك . ع 1976
100 0 _aبكر القباني
_eمؤلف.
245 1 2 _aالعرف كمصدر للقانون الاداري /
_cدكتور بكر القباني.
264 _aالقاهرة :
_bدار النهضة العربية،
_c1976.
300 _a88 صفحة ؛
_c24 سم.
336 _2rda content
_atext
337 _2rda media
_aComputer
338 _2rda carrier
_aOnline Resource
504 _aيشتمل على إرجاعات ببليوجرافية.
546 _aالنص باللغة العربية
650 1 4 _aالقانون الإداري
_2qrmak
650 1 4 _aالطابع القضائي للقانون الإداري
651 1 _2qrmak
856 4 0 _uhttps://fll.law.cu.edu.eg/fulltext/bks/B07-00774.pdf
905 _a65
942 _2ddc
_cBK
_e21
_n0
999 _c46361
_d46361